00534nam a2200169 b 4500003000500000005001700005008004100022020002000063040001400083041001500097082001900112100002400131245005600155260005300211300002200264650007800286322820250721144304.0210816s9999 xx ab 000 0 und d a0868880141qpbk aRDAc3228 2EaEnglish aST 153.14 VONK aVon Krosigk, Beate  0aMind mapping : psychopathology /cBeate Von Krosigk aPretoria : bUniversity of South Africa, c1997. a7 pages ; c30 cm vPersonality disorders PsychologyxProblems and exercisesxPathological